000 00342nam a22001457a 4500
003 SGT
020 _a9789353041502
082 _a320.954
_bT18K
100 _aKANT, AMITABH
245 _aTHE PATH AHEAD: TRANSFORMATIVE IDEAS FOR INDIA
260 _bRUPA PUBLICATIONS
_c2018
300 _a346
650 _aPOLITICAL SCIENCE
942 _2ddc
_cBK
999 _c28719
_d28719